000 00597nam a2200241Ia 4500
005 20250425162036.0
008 250425s9999 xx 000 0 und d
041 _aspa
043 _aec
082 _a378.1
100 _aESPOL, CINDA
245 0 _aNUEVAS MODALIDADES DE RELACION UNIVERSIDAD-SECTOR PRODUCTIVO
250 _a1A ED.
260 _aEcuador
_bESPOL, CINDA
_c2001
260 _aGUAYAQUIL
300 _a110
650 _aPARQUES TECNOLOGICOS
650 _aTECNOLOGIA Y DESARROLLO
650 _aUNIVERSIDAD-INDUSTRIA
710 _aESPOL
942 _c01
010 _a42249
999 _c221206
_d221206